| 000 | 00807nam a22002537a 4500 | ||
|---|---|---|---|
| 003 | dpl | ||
| 005 | 20180809130858.0 | ||
| 008 | 180809b xxu||||| |||| 00| 0 eng d | ||
| 010 | _aB-120806 | ||
| 020 |
_c00.00 _a9788172731502 |
||
| 035 | _aB-120806, B-120808 | ||
| 037 | _bCen Lib/Ret | ||
| 040 |
_aDPL _bEN _c0 |
||
| 082 |
_a305.4 _bMIT |
||
| 100 |
_aMitra, Charulatha _96820 |
||
| 245 |
_aWomen's development goals : _cby Charulatha Mitra _breshaping globlisation / |
||
| 260 |
_aDelhi _bAuthorspress _c2003 |
||
| 270 |
_aE-35/103, Jawahar Park, Laxmi Nagar _bDelhi _e110092 |
||
| 300 |
_avi,254p. _c21cm(Hb) |
||
| 500 | _aIncludes bibliographical references and index | ||
| 650 |
_aWomen in development _96821 |
||
| 650 |
_aGlobalization _95651 |
||
| 942 |
_2ddc _cEN _h305.4 _mMIT |
||
| 999 |
_c123552 _d123552 |
||